| 000 | 00916nam a2200157 4500 | ||
|---|---|---|---|
| 008 | 708 F841b | ||
| 020 | _a0477065376 | ||
| 082 |
_a708 _bF841b |
||
| 100 |
_aFraser, Jacqueline; Robinson, Peter _96601 |
||
| 245 | _aBi-polar | ||
| 260 |
_aWellington _bCreative New Zealand Toi Aotearoa _c2001 |
||
| 300 |
_a64 p. _bill (col) _c27.5 x 20 cm |
||
| 505 |
_tAcknowlegements _tForeword _rJenny Gibbs _tBi-polar: Divine comedy and A demure portrait of the artist strip searched _rGregory Burke _tA demure portrait of the artist strip searched "with 11 details of bi-polar disorder" _rJacqueline Fraser _tDivine comedy _rPeter Robinson _tKnots and veils: creases in the social fabric _rEwen McDonald _tAu contraire _rAnna Miles _tBiographies |
||
| 650 |
_xarte contemporáneo _xarte - exhibiciones _xarte - catálogo de exhibición _x49th bienal - Venecia - 2001 _xNueva Zelanda _96602 |
||
| 700 |
_aBurke, Gregory (curaduría); Gibbs, Jenny _96603 |
||
| 999 |
_c1585 _d1585 |
||